000 00570nam 22001933 4500
001 197516
010 _a1874719179
021 _b195893/03
090 _a197516
100 _a20250808d u||y0pory50 ba
200 _aO desafio da empresa sustentável
_erecomendações para os empresários do futuro
_fJan-Olaf Willums
210 _aPorto
_cFirstMedia
_d2003
215 _a174 p.
_cbrochado
_d25 cm
606 _91108
_aGestão empresarial
675 _a658
_vPT
_zpor
700 _913572
_aWillums
_bJan-Olaf
801 _aPT
_bBMMN
_gRPC
830 _cFernando
_fFernando
990 _cLIVROS